Camino a campo abierto /

Na minha lista:
Detalhes bibliográficos
Autor principal: Schnitzler, Arthur (autor)
Formato: Livro
Idioma:espanhol
Publicado em: Córdoba, España : El Olivo Azul, 2007, c2007
Colecção:(Narrativas del Olivo Azul ; 3)
Assuntos:
Tags: Adicionar Tag
Sem tags, seja o primeiro a adicionar uma tag!

MARC

LEADER 00000nam^a2200000^a^4500
001 000311163
005 20250521000000.0
009 20260310113037.494
020 |a 978-84-935900-3-1 
037 |a Acervo ITESO - Biblioteca 
041 |a ESP 
082 |a 833.  |b SCH 
100 |a Schnitzler, Arthur  |e (autor) 
245 1 0 |a Camino a campo abierto /  |c A. Schnitzler ; pról. de Salvador Gutiérrez Solís ; notas y tr. por Paula Sánchez de Muniain. 
264 4 |a Córdoba, España :  |b El Olivo Azul,  |c 2007, c2007 
300 |a 399 p. 
336 |a texto  |b txt  |2 rdacontenido 
337 |a sin mediación  |b n  |2 rdamedio 
338 |a volumen  |b nc  |2 rdasoporte 
440 1 |a (Narrativas del Olivo Azul ;  |v 3) 
500 |a Traducción de: Der Weg ins Freie 
545 0 |a Arthur Schnitzler (Viena, 1862-1931) es uno de los más significativos narradores y dramaturgos austríacos del cambio del siglo XIX al XX; fue uno de los primeros escritores en introducir el monólogo interior en la literatura en lengua alemana, con la finalidad de profundizar en la psicología de sus personajes, uso que causó el asombro de Sigmund Freud (admiración que no fue recíproca). Como médico de profesión, son temas frecuentes el erotismo (y, en general, la supremacía del instinto sexual sobre las convenciones sociales) y la muerte, así como la crítica a la sociedad austríaca de su época; en su obra se encuentran numerosos personajes femeninos caracterizados como la muchacha ingenua-dulce o como la mujer mundana. En la década de 1880, siendo muy joven dio a conocer sus primeras publicaciones, entre ellas poemas y aforismos en varias revistas, así como Canto de amor de una bailarina; Sobre el patriotismo; La aventura de su vida. En la última década del siglo XIX aparecieron las novelas Morir; La mujer del sabio; Los muertos callan; La una y media, entre otras; también se pusieron en escena su obra Amoríos y se estrenaron varios actos del ciclo Anatol, Paracelso y La cacatúa verde. Despidió el siglo con la publicación de las novelas El teniente Gustl; Gerónimo el ciego y su hermano; La ronda, así como con el estreno de El velo de Beatriz. Algunas obras que concluyó hacia el final de su vida fueron las novelas Relato soñado; Partida al amanecer; El libro de los lemas y las reflexiones (aforismos), y el texto teórico El espíritu en la palabra y el espíritu en la acción. Varias de sus obras han sido adaptadas al cine. 
649 |a XX 
650 |a Novela Austríaca 
650 |a Literatura Austríaca -  |y Siglo XX 
650 |a Literatura en Alemán -  |z Austria 
910 |a Fondo General 
920 |a Impresos - Libros 
930 |a Colección General 
940 |a Literatura 
905 |a 101 
901 |a 0500197603  |b IT1  |c LIT  |i C128028  |u 20250521 
902 |a https://opac.biblio.iteso.mx/vufind/Record/000311163